Serengeti Shall Not Die (Record no. 591667)

MARC details
000 -LEADER
fixed length control field 00379nam a2200145Ia 4500
008 - FIXED-LENGTH DATA ELEMENTS--GENERAL INFORMATION
fixed length control field 100415s9999 xx 000 0 und d
082 ## - DEWEY DECIMAL CLASSIFICATION NUMBER
Item number 8726
Classification number 719(60)
100 ## - MAIN ENTRY--PERSONAL NAME
Personal name Grzimek Bernhard
245 ## - TITLE STATEMENT
Title Serengeti Shall Not Die
260 ## - PUBLICATION, DISTRIBUTION, ETC. (IMPRINT)
Place of publication, distribution, etc LONDON
Date of publication, distribution, etc 1960
Name of publisher, distributor, etc HAMISH HAMILTON
365 ## - TRADE PRICE
Price amount 0
630 ## - SUBJECT ADDED ENTRY--UNIFORM TITLE
Uniform title Serengeti Shall Not Die
730 ## - ADDED ENTRY--UNIFORM TITLE
Uniform title Serengeti Shall Not Die
942 ## - ADDED ENTRY ELEMENTS (KOHA)
Koha item type Book
Holdings
Withdrawn status Lost status Damaged status Not for loan Home library Current library Date acquired Cost, normal purchase price Total Checkouts Full call number Barcode Date last seen Price effective from Koha item type
        Bombay Natural History Society Bombay Natural History Society 05/25/1998 0.00   719(60) 8726 BNHS-8726 04/15/2010 04/15/2010 Book